000 00936nam a22002177a 4500
005 20111104103854.0
010 _aB-444611
020 _a9788179914922
_c100.00
035 _aB-444611
037 _bBlue Berry
_aDPL
082 _a363.7282
100 _a Kamath, Anjali
_937471
245 _aGoing Green :
_cby Anjali Kamath
_bReuse, Reduce and Recycle ?
260 _bPopular Prakashan
_c2009
_aMumbai
270 _a301 Mahalaxmi Chambers 22, Bhulabhai Desai Road
_bMumbai
_e400026
300 _a48p.
_c25cm (pbk)
_bill.
490 _a Endangered Planet, Brainworks: A Kangaroo kids initiative
_937472
942 _cCH
_2ddc
_mKAM
_h363.7282
999 _c58090
_d58090